000 00299nam a22001097a 4500
082 _a620.0045 HAN'D
100 _aDAVIDSON, A
_978974
245 _aHANDBOOK OF PRECISION ENGINEERING VOLUME 3 FOR FABRICATION OF NON-METALS
260 _aNEWYORK
_bMCGRAW HILL
_c1966
300 _aIX, 270P
942 _cBK
999 _c584045
_d584045